| 000 | 00892nam a2200325 a 4500 | ||
|---|---|---|---|
| 003 | AR-BaBNM | ||
| 005 | 20251128204922.0 | ||
| 008 | 082120s2002 ||||||||||||||000 | spa|| | ||
| 040 | _cAR-BaBNM | ||
| 100 | 1 | _aApter, David E. | |
| 245 | 0 | 0 | _aUna teoría política del desarrollo |
| 250 | _a1ª ed. | ||
| 260 |
_aMéxico, D.F. _bFondo de Cultura Económica _c1974 |
||
| 300 |
_a240 p. _bgráfs. |
||
| 490 | 0 | _aSección de obras de economía | |
| 650 | 4 | _aDESARROLLO ECONOMICO Y SOCIAL | |
| 650 | 4 | _aPOLITICA ECONOMICA | |
| 650 | 4 | _aPOLITICA SOCIAL | |
| 650 | 4 | _aPOLITICA DE DESARROLLO | |
| 650 | 4 | _aTEORIA ECONOMICA | |
| 650 | 4 | _aESTRUCTURA SOCIAL | |
| 650 | 4 | _aCLASE DIRIGENTE | |
| 650 | 4 | _aSOCIALISMO | |
| 650 | 4 | _aLIBERALISMO | |
| 650 | 4 | _aSOCIOLOGIA | |
| 650 | 4 | _aCIENCIAS POLITICAS | |
| 700 | 1 |
_aSuárez, Eduardo L. _etraductor |
|
| 942 | _cBK | ||
| 998 | _cEnrique | ||
| 999 |
_c9330 _d9330 |
||